[Event "Hamburg-ch Seniors op 15th"]
[Site "Hamburg"]
[Date "2008.11.04"]
[Round "9"]
[White "Baumann, Siegfried"]
[Black "Klinkow, Alexander"]
[Result "0-1"]
[WhiteElo "1544"]
[BlackElo "1637"]
[PlyCount "112"]
[EventDate "2008.10.27"]
[EventType "swiss"]
[EventRounds "9"]
[EventCountry "GER"]
[SourceTitle "EXT 2022"]
[Source "ChessBase"]
[SourceDate "2021.10.06"]
[SourceVersion "1"]
[SourceVersionDate "2021.10.06"]
[SourceQuality "1"]

1. e4 e6 2. f4 d5 3. e5 c5 4. d4 Nc6 5. Nf3 Bd7 6. c4 Nge7 7. Nc3 Nf5 8. cxd5 Ncxd4 9. dxe6 Bxe6 10. Bb5+ Bd7 11. Ba4 Be7 12. 0-0 b5 13. Bc2 Bc6 14. Bxf5 Nxf5 15. Qe2 Qb6 16. Ne4 0-0 17. Be3 Bxe4 18. Ng5 Nxe3 19. Nxe4 Nxf1 20. Rxf1 c4+ 21. Kh1 Rad8 22. f5 Qd4 23. f6 gxf6 24. exf6 Bxf6 25. Nxf6+ Kh8 26. h3 Qd3 27. Qf2 Rd6 28. Kh2 Qg6 29. h4 Kg7 30. h5 Qg5 31. Ne4 Qxh5+ 32. Kg1 Rg6 33. Qd4+ f6 34. Nd6 Qe5 35. Qxa7+ Kg8 36. Nf5 Re8 37. Qd7 Qc5+ 38. Kh1 Re5 39. Qd8+ Qf8 40. Qd7 Qe7 41. Qd2 Rg5 42. Nh4 Rh5 43. g3 Qb7+ 44. Kh2 Qd5 45. Qf4 Re2+ 46. Kh3 Qe6+ 47. g4 Qe3+ 48. Qf3 Qxf3+ 49. Rxf3 Rd5 50. b3 Rd3 51. bxc4 Rxf3+ 52. Nxf3 bxc4 53. a4 c3 54. Nd4 Ra2 55. Kg3 c2 56. Ne2 Ra1 0-1

[Event "Hamburg-ch Seniors op 15th"]
[Site "Hamburg"]
[Date "2008.11.02"]
[Round "7"]
[White "Baumann, Siegfried"]
[Black "Bobzin, Volker"]
[Result "1/2-1/2"]
[WhiteElo "1544"]
[BlackElo "1527"]
[PlyCount "80"]
[EventDate "2008.10.27"]
[EventType "swiss"]
[EventRounds "9"]
[EventCountry "GER"]
[SourceTitle "EXT 2022"]
[Source "ChessBase"]
[SourceDate "2021.10.06"]
[SourceVersion "1"]
[SourceVersionDate "2021.10.06"]
[SourceQuality "1"]

1. e4 e5 2. f4 Qf6 3. fxe5 Qh4+ 4. g3 Qxe4+ 5. Qe2 Qxh1 6. Nf3 b6 7. d4 Bb7 8. Nbd2 Nc6 9. c3 Nh6 10. d5 Ne7 11. c4 0-0-0 12. Ne4 Nxd5 13. Nf2 Bb4+ 14. Bd2 Bxd2+ 15. Kxd2 Qxf3 16. Qxf3 Nb4 17. Qc3 Nc6 18. Bg2 Rhe8 19. Re1 d6 20. e6 fxe6 21. b4 Nf5 22. a4 a5 23. Nd3 e5 24. Be4 g6 25. Rb1 axb4 26. Nxb4 Na5 27. Bxb7+ Nxb7 28. Nc6 Rd7 29. a5 Nxa5 30. Nxa5 bxa5 31. Qxa5 Kd8 32. Rb7 Nd4 33. Rb8+ Ke7 34. Rxe8+ Kxe8 35. Qa8+ Rd8 36. Qd5 Ke7 37. c5 c6 38. cxd6+ Rxd6 39. Qxe5+ Ne6+ 40. Kc3 Rd5 1/2-1/2

[Event "Hamburg-ch Seniors op 15th"]
[Site "Hamburg"]
[Date "2008.10.27"]
[Round "1"]
[White "Gollasch, Theo Heinz"]
[Black "Baumann, Siegfried"]
[Result "1-0"]
[WhiteElo "2010"]
[BlackElo "1544"]
[PlyCount "85"]
[EventDate "2008.10.27"]
[EventType "swiss"]
[EventRounds "9"]
[EventCountry "GER"]
[SourceTitle "EXT 2022"]
[Source "ChessBase"]
[SourceDate "2021.10.06"]
[SourceVersion "1"]
[SourceVersionDate "2021.10.06"]
[SourceQuality "1"]

1. Nf3 d5 2. g3 Nc6 3. d4 Bf5 4. Bg2 f6 5. 0-0 e6 6. c4 Nge7 7. Nc3 Bg6 8. Qb3 dxc4 9. Qxc4 Bf7 10. e4 e5 11. d5 a6 12. Qb3 b5 13. Qd1 Na5 14. b4 Nc4 15. a4 Nd6 16. Qe2 Rb8 17. axb5 axb5 18. Be3 Nec8 19. Bc5 Qd7 20. Ra6 Be7 21. Rfa1 0-0 22. Nd2 Nb7 23. Bxe7 Qxe7 24. Qxb5 Be8 25. Qc4 Nbd6 26. Qb3 Nb5 27. Nxb5 Rxb5 28. Bf1 Qxb4 29. Qa2 Rc5 30. Rb1 Qc3 31. Nb3 Nd6 32. Nxc5 Qxc5 33. Ra8 Kf7 34. Bd3 Qc3 35. Qc2 Qxc2 36. Bxc2 Ke7 37. Ra7 Kd8 38. Rb8+ Nc8 39. g4 Bd7 40. h3 Rf7 41. Raa8 Rf8 42. Bd3 Ke7 43. Ba6 1-0

[Event "Hamburg-ch Seniors op 13th"]
[Site "Hamburg"]
[Date "2006.11.03"]
[Round "8"]
[White "Hofschroer, Joachim"]
[Black "Baumann, Siegfried"]
[Result "0-1"]
[WhiteElo "1497"]
[BlackElo "1526"]
[PlyCount "71"]
[EventDate "2006.10.27"]
[EventType "swiss"]
[EventRounds "9"]
[EventCountry "GER"]
[SourceTitle "EXT 2022"]
[Source "ChessBase"]
[SourceDate "2021.10.06"]
[SourceVersion "1"]
[SourceVersionDate "2021.10.06"]
[SourceQuality "1"]

1. e4 e6 2. d3 d5 3. Nd2 Nc6 4. Ngf3 Bc5 5. g3 Nge7 6. Bg2 0-0 7. 0-0 Ng6 8. Re1 d4 9. e5 a6 10. a4 Be7 11. Nc4 Rb8 12. Nfd2 Na7 13. Be4 c6 14. a5 Nb5 15. Nb6 Bc5 16. Ndc4 Nc7 17. Na4 Ba7 18. b3 Nb5 19. Bd2 Qe7 20. Qh5 f5 21. Bg2 Bd7 22. Bg5 Qb4 23. Bd2 Nc3 24. Rf1 Be8 25. Bxc3 dxc3 26. Qe2 Bd4 27. Nab6 Bxb6 28. Nxb6 Qd4 29. Ra4 Qc5 30. d4 Qb5 31. Qe3 f4 32. Qxc3 fxg3 33. hxg3 Qe2 34. Bh3 Kf7 35. Raa1 Qh5 36. Kg2 0-1

[Event "Hamburg-ch Seniors op 13th"]
[Site "Hamburg"]
[Date "2006.10.29"]
[Round "3"]
[White "Baumann, Siegfried"]
[Black "Graffenberger, Marianne"]
[Result "1-0"]
[WhiteElo "1526"]
[BlackElo "1266"]
[PlyCount "67"]
[EventDate "2006.10.27"]
[EventType "swiss"]
[EventRounds "9"]
[EventCountry "GER"]
[SourceTitle "EXT 2022"]
[Source "ChessBase"]
[SourceDate "2021.10.06"]
[SourceVersion "1"]
[SourceVersionDate "2021.10.06"]
[SourceQuality "1"]

1. e4 e5 2. Nf3 Nc6 3. Bb5 d6 4. c3 Bd7 5. d3 Be7 6. Nbd2 a6 7. Ba4 Nf6 8. Nf1 b5 9. Bc2 0-0 10. Ne3 Be6 11. Ng5 Qc8 12. Qe2 b4 13. Bd2 a5 14. Nxe6 Qxe6 15. Bb3 Qd7 16. Ba4 Ra6 17. Nd5 Re8 18. Bg5 Qg4 19. Bxf6 Qxe2+ 20. Kxe2 gxf6 21. Nxc7 Rc8 22. Nxa6 bxc3 23. bxc3 Nd8 24. c4 Ne6 25. g3 Nd4+ 26. Ke3 f5 27. f4 fxe4 28. Kxe4 f5+ 29. Ke3 Bf6 30. Rab1 exf4+ 31. gxf4 Ne6 32. Bd7 Ra8 33. Bxe6+ Kg7 34. Rhg1+ 1-0

[Event "Hamburg-ch qual1"]
[Site "Hamburg"]
[Date "2003.10.25"]
[Round "1"]
[White "Baumann, Siegfried"]
[Black "Koepcke, Hans Peter"]
[Result "1-0"]
[WhiteElo "1646"]
[BlackElo "2098"]
[PlyCount "50"]
[EventDate "2003.10.??"]
[EventType "swiss"]
[EventRounds "7"]
[EventCountry "GER"]
[SourceTitle "EXT 2005"]
[Source "ChessBase"]
[SourceDate "2004.11.15"]
[SourceVersion "1"]
[SourceVersionDate "2004.11.15"]
[SourceQuality "1"]

1. e4 e5 2. Nf3 Nf6 3. Nc3 Bb4 4. d3 d5 5. exd5 Nxd5 6. Bd2 Bxc3 7. bxc3 Nc6 8. Be2 0-0 9. 0-0 f5 10. c4 Nde7 11. Bg5 h6 12. Bxe7 Qxe7 13. Re1 Bd7 14. g3 Qf6 15. Nd2 Rae8 16. Bf1 Nd8 17. Bg2 c5 18. Rb1 Bc6 19. Bxc6 Qxc6 20. Nf3 Nf7 21. Re3 e4 22. Nh4 Ng5 23. Qf1 f4 24. gxf4 Rxf4 25. Ng2 Nh3+ 1-0